International Tax Avoidance (Record no. 1192186)

MARC details
000 -LEADER
fixed length control field 00819nam a2200289Ia 4500
003 - CONTROL NUMBER IDENTIFIER
control field OSt
005 - DATE AND TIME OF LATEST TRANSACTION
control field 20221007111126.0
008 - FIXED-LENGTH DATA ELEMENTS--GENERAL INFORMATION
fixed length control field 221006b |||||||| |||| 00| 0 eng d
020 ## - INTERNATIONAL STANDARD BOOK NUMBER
International Standard Book Number 9020005111
037 ## - SOURCE OF ACQUISITION
Terms of availability Textual
040 ## - CATALOGING SOURCE
Original cataloging agency LCO
Transcribing agency LCO
Language of cataloging eng
041 ## - LANGUAGE CODE
Source of code eng
Language code of text/sound track or separate title eng
100 ## - MAIN ENTRY--PERSONAL NAME
Personal name Milnes Barry Bracewell
9 (RLIN) 708273
245 #0 - TITLE STATEMENT
Title International Tax Avoidance
260 ## - PUBLICATION, DISTRIBUTION, ETC.
Place of publication, distribution, etc. Deventer
Name of publisher, distributor, etc. Kluwer Ther Netherlands
Date of publication, distribution, etc. 1978
300 ## - PHYSICAL DESCRIPTION
Extent 344
490 ## - SERIES STATEMENT
Volume/sequential designation Vol.- BB
500 ## - GENERAL NOTE
General note A Study by the Rotterdam Institute for Fiscal Studies
650 ## - SUBJECT ADDED ENTRY--TOPICAL TERM
Topical term or geographic name entry element TAX
700 ## - ADDED ENTRY--PERSONAL NAME
Personal name Wisselink M.A.
9 (RLIN) 298390
942 ## - ADDED ENTRY ELEMENTS (KOHA)
Classification part X72:(Z1), L8
Koha item type Textual
Holdings
Withdrawn status Lost status Damaged status Not for loan Home library Current library Date acquired Serial Enumeration / chronology Total Checkouts Full call number Barcode Date last seen Price effective from Koha item type
        Law Centre-I Library Law Centre-I Library 2022-10-07 Vol.- B   X72:(Z1) L8 LO630267 B 2022-10-07 2022-10-07 Textual
Copyright @ Delhi University Library System